Význam ve výtvarném umění /
| Hlavní autor: | Panofsky, Erwin, 1892-1968 |
|---|---|
| Další autoři: | Konečný, Lubomír, 1946- |
| Jazyk: | Italština Latina Čeština Angličtina |
| Vydáno: |
Praha : Malvern, 2021 |
| Vydání: | Vydání třetí, revidované |
| Témata: | |
| Fyzický popis: |
399 stran, 44 nečíslovaných stran obrazových příloh : ilustrace ; 19 cm |
| Language note: |
Částečně souběžný anglický, italský a latinský text |
|
| LEADER | 02463nam a2200673 i 4500 | ||
|---|---|---|---|
| 001 | nkc20213361568 | ||
| 003 | CZ PrNK | ||
| 005 | 20241112140335.0 | ||
| 007 | ta | ||
| 008 | 210924s2021 xr af f 001 0 cze | ||
| 015 | |a cnb003361568 | ||
| 020 | |a 978-80-7530-302-8 |q (brožováno) | ||
| 035 | |a (OCoLC)1288051359 | ||
| 035 | |a (OCoLC)1291384316 | ||
| 040 | |a BOA001 |b cze |e rda | ||
| 041 | 1 | |a cze |a eng |a ita |a lat |h eng | |
| 072 | 7 | |a 7.01/.09 |x Umění |2 Konspekt |9 21 | |
| 080 | |a 72/76 |2 MRF | ||
| 080 | |a 7.01/.09 |2 MRF | ||
| 080 | |a 7.033 |2 MRF | ||
| 080 | |a 7.034.3/.6 |2 MRF | ||
| 080 | |a 7.04 |2 MRF | ||
| 080 | |a 7.04:801.73 |2 MRF | ||
| 080 | |a (048.8) |2 MRF | ||
| 080 | |a (081) |2 MRF | ||
| 100 | 1 | |a Panofsky, Erwin, |d 1892-1968 |7 skuk0004449 |4 aut | |
| 240 | 1 | 0 | |a Meaning in the visual arts. |l Česky |7 aun2013747318 |
| 245 | 1 | 0 | |a Význam ve výtvarném umění / |c Erwin Panofsky ; z anglického vydání: Meaning in the visual arts přeložil Lubomír Konečný |
| 250 | |a Vydání třetí, revidované | ||
| 264 | 1 | |a Praha : |b Malvern, |c 2021 | |
| 300 | |a 399 stran, 44 nečíslovaných stran obrazových příloh : |b ilustrace ; |c 19 cm | ||
| 336 | |a text |b txt |2 rdacontent | ||
| 337 | |a bez média |b n |2 rdamedia | ||
| 338 | |a svazek |b nc |2 rdacarrier | ||
| 504 | |a Obsahuje bibliografické odkazy a rejstřík | ||
| 546 | |a Částečně souběžný anglický, italský a latinský text | ||
| 650 | 0 | 7 | |a výtvarné umění |7 ph116708 |2 czenas |
| 650 | 0 | 7 | |a teorie umění |7 ph126574 |2 czenas |
| 650 | 0 | 7 | |a středověké umění |7 ph126240 |2 czenas |
| 650 | 0 | 7 | |a renesanční umění |7 ph125134 |2 czenas |
| 650 | 0 | 7 | |a ikonografie |7 ph121030 |2 czenas |
| 650 | 0 | 7 | |a ikonologie |7 ph524437 |2 czenas |
| 650 | 0 | 9 | |a art |2 eczenas |
| 650 | 0 | 9 | |a theory of art |2 eczenas |
| 650 | 0 | 9 | |a medieval art |2 eczenas |
| 650 | 0 | 9 | |a renaissance art |2 eczenas |
| 650 | 0 | 9 | |a iconography |2 eczenas |
| 650 | 0 | 9 | |a iconology |2 eczenas |
| 655 | 7 | |a studie |7 fd133597 |2 czenas | |
| 655 | 7 | |a sborníky |7 fd724345 |2 czenas | |
| 655 | 9 | |a studies |2 eczenas | |
| 655 | 9 | |a papers by one author |2 eczenas | |
| 700 | 1 | |a Konečný, Lubomír, |d 1946- |7 jn99240000484 |4 trl | |
| 910 | 2 | |a BOA001 |b 1-1475.139 | |
| 990 | |a BK | ||
| 995 | |a 01 | ||
| 991 | |b 202110 |c NOV | ||
| 996 | 6 | |b 2610881410 |c 1-1475.139 |l MZK |r Sklad / do 1 hodiny |n 7 |p p.v. |w 001865098 |u 000010 |a 1 |e BOA001 |j MZK50 |s P | |
| 996 | 7 | |b 2610883262 |c 1-1475.139 |l Vol.výběr |r VV 1p |n 9 |p kup |h 7 PAN |w 001865098 |u 000020 |a 0 |e BOA001 |j MZK50 |s A | |
English
Čeština 